LEADER 01378nam a2200265 i 4500 001 000000166591 003 CaOOAMICUS 005 20071113000000.0 008 071113s1931 it u000 u ita u 013 $a143960 040 $aSeMil$bita 100 1 $aPetroncelli, Mario <1906-1986>.$0(OLS)http://semarc/name/23143 245 13$aIl principio della non retroattivitą delle leggi in diritto canonico /$cMario Petroncelli. 260 $aMilano :$bVita e Pensiero,$c1931. 300 $a73 p. ;$c26 cm. 490 0 $aPubblicazioni della Universitą Cattolica del Sacro Cuore ;$v. 490 0 $aPubblicazioni della Universitą Cattolica del Sacro Cuore. Ser. 2., Scienze giuridiche ;$vVol.29. 650 4$aRetroattivitą (Diritto) - Diritto canonico.$0(OLS)http://semarc/subject/31687 830 0$aPubblicazioni della Universitą Cattolica del Sacro Cuore ;$v.$0(OLS)http://semarc/title/22052 830 0$aPubblicazioni della Universitą Cattolica del Sacro Cuore. Ser. 2., Scienze giuridiche ;$vVol.29.$0(OLS)http://semarc/title/22053 850 $aSeMil 852 $aSeMil$W1$xVenegono$y1$m3L VI 67$j117754$B117754$CSeMilBibl$Z2$F128830 $81 961 $aRecupero: Altro 996 $6245$aIl principio della non retroattivitą delle leggi in diritto canonico$9(OLS)http://semarc/title/238073 996 $6260$aMilano :$bVita e Pensiero$9(OLS)http://semarc/publisher/29642 LEADER 01415nam a2200277 i 4500 001 000000075149 003 CaOOAMICUS 005 20200504102355.0 008 110527s1824 it u000 u ita u 013 $a46321 026 $ae,s- o,to i-o; goco (3) 1824 (R) 040 $aSeMil$bita 100 1 $aTasso, Torquato,$d<1544-1595>.$0(OLS)http://semarc/name/1240 240 00$aGerusalemme liberata.$0(OLS)http://semarc/title/23786 245 10$aGerusalemme liberata poema di Torquato Tasso secondo l'edizione di Mantova per Francesco Osanna 1584. 260 $aFirenze :$bpresso Giuseppe Molini,$c1824. 300 $aVII, [1], 548, [2] p., [2] carte di tav. :$binc. ;$c8°. 500 $aAntip. e altro front. incisi da Lasinio figlio su disegno di Fr. Nenci. 700 1 $aLasinio, Giovanni Paolo .$0(OLS)http://semarc/name/37133 700 1 $aNenci, Francesco .$0(OLS)http://semarc/name/37134 830 0$aBiblioteca italiana portatile in verso ed in prosa.$0(OLS)http://semarc/title/33694 850 $aSeMil 852 $aSeMil$W1$xVenegono$y1$m1E II 7 FA$j41301$B41301$CSeMilBibl$Z2$F41305 $8I 996 $6245$aGerusalemme liberata poema di Torquato Tasso secondo l'edizione di Mantova per Francesco Osanna 1584$9(OLS)http://semarc/title/121945 996 $6260$aFirenze :$bpresso Giuseppe Molini$9(OLS)http://semarc/publisher/36334